|
|
|
|
| LEADER |
00743cam a2200193 7i4500 |
| 001 |
0000023302 |
| 005 |
20170218090000.0 |
| 008 |
080728 eng |
| 090 |
0 |
0 |
|a TA442.5
|b .Z36 2006
|
| 100 |
0 |
|
|a Zammira Abdul Rahim
|
| 245 |
1 |
4 |
|a The performance of concrete using palm oil clinker as agregate
|c Zammira Abdul Rahimn.
|
| 260 |
|
|
|a Bestari Jaya, Selangor:
|b UNISEL,
|c 2006.
|
| 300 |
|
|
|a ix, 53 p.:
|b col. ill.;
|c 30 cm.
|
| 502 |
|
|
|a Thesis (Bachelor of Civil Engineering), UNISEL, 2006
|
| 610 |
2 |
|
|a Universiti Industri Selangor
|
| 650 |
0 |
0 |
|a Palm oil industry --
|x waste disposal
|
| 650 |
0 |
0 |
|a Concrete
|
| 997 |
|
|
|a Engineering, Faculty
|b Engineering, Department
|
| 999 |
|
|
|a THE0000450
|b THESIS
|c THESIS
|e Thesis Room, Bestari Jaya
|